00681 2200253 4500001002100000005001700021008004100038020002200079035002500101040001200126082001400138084001800152100001800170245008600188250001100274260003300285300002200318650001200340700000900352850001200361990001800373990001800391990001800409INLIS00000000001251120150911142906.0  a978-602-955-893-7 a0010-091500000001024 aYOPDYOG 223a641.5 aT 641.5 Wiw Y aWIWI Alawiyah aYang asin-asin gurih nikmat! plus makanan panggangc/ Wiwi Alawiyah; Editor, Ruri aCet. 1 aJogjakartabDiva Pressc2010 a79 hlm.c; 24 cm. aMasakan aRURI aYOPDYOG a50458-PD/A.15 a50459-PD/A.15 a50460-PD/A.15